000
00213nam a22000857a 4500
008
161201b xxu||||| |||| 00| 0 eng d
100
_9
1703
_a
Nayak, A.K
245
_a
Computer For You.
260
_a
New Delhi
_b
Asian
_c
2003
999
_c
4416
_d
4416